[Event "Karpos Open 2013"]
[Site "Skopje MKD"]
[Date "2013.03.09"]
[Round "1.35"]
[White "Djukic, Nikola"]
[Black "Bejatovic, Bojana"]
[Result "1-0"]
[WhiteTitle "GM"]
[WhiteElo "2545"]
[BlackElo "2011"]
[WhiteFideId "922412"]
[BlackFideId "15000141"]
[EventDate "2013.03.09"]

1. e4 Nf6 2. e5 Nd5 3. d4 d6 4. Nf3 g6 5. Bc4 Nb6 6. Bb3 Bg7 7. Qe2 Nc6 8. O-O
O-O 9. h3 a5 10. a4 Bf5 11. Nc3 Qd7 12. Rd1 d5 13. Bf4 h5 14. Rd2 Nd8 15. Qe3
Ne6 16. Bh6 c6 17. Nh4 Bxh6 18. Qxh6 Ng7 19. f3 Be6 20. g4 hxg4 21. hxg4 Bxg4
22. fxg4 Qxg4+ 23. Ng2 Nf5 24. Qf4 Qh3 25. Rd3 Qh5 26. Rf1 Kg7 27. Nd1 Rh8 28.
Nde3 e6 29. c3 Rag8 30. Bd1 Qh6 31. Qxh6+ Rxh6 32. Ng4 Rhh8 33. Nf6 Rc8 34. b3
c5 35. dxc5 Rxc5 36. Bg4 Ne7 37. Ne1 Rhc8 38. Rh3 Rh8 39. Rxh8 Kxh8 40. Rf3 Nc6
41. Rh3+ Kg7 42. Rh7+ Kf8 43. Bxe6 Nxe5 44. Nd3 Nf3+ 45. Kf2 Ng5 46. Nxc5 Nxh7
47. Nxh7+ Kg7 48. Ng5 fxe6 49. Ngxe6+ Kf6 50. Nd4 1-0

[Event "Karpos Open 2013"]
[Site "Skopje MKD"]
[Date "2013.03.09"]
[Round "1.37"]
[White "Stefanova, Antoaneta"]
[Black "Dimov, Daniel"]
[Result "1-0"]
[WhiteTitle "GM"]
[WhiteElo "2530"]
[BlackElo "2003"]
[WhiteFideId "2902257"]
[BlackFideId "15001288"]
[EventDate "2013.03.09"]

1. d4 Nf6 2. Nf3 e6 3. e3 d5 4. Bd3 Nbd7 5. O-O Be7 6. b3 O-O 7. Bb2 b6 8. c4
Bb7 9. Nc3 Ne4 10. Rc1 f5 11. Ne2 Rc8 12. Nf4 Rf6 13. c5 bxc5 14. dxc5 Ndxc5 15.
Bxf6 Bxf6 16. Bxe4 fxe4 17. Rxc5 exf3 18. Qxf3 Qd6 19. b4 Rf8 20. Qg4 Bc8 21.
Nh5 e5 22. Nxf6+ Qxf6 23. Qg3 c6 24. Rfc1 Bd7 25. b5 cxb5 26. Rxd5 Be6 27. Rxb5
h5 28. h4 Bxa2 29. Rxe5 Bf7 30. Rc7 Qb6 31. Ree7 a5 32. e4 a4 33. e5 a3 34. Qxa3
Rd8 35. Rxf7 1-0

[Event "Karpos Open 2013"]
[Site "Skopje MKD"]
[Date "2013.03.09"]
[Round "1.38"]
[White "Ioannidis, Evgenios"]
[Black "Dvirnyy, Danyyil"]
[Result "0-1"]
[WhiteTitle "FM"]
[BlackTitle "IM"]
[WhiteElo "2001"]
[BlackElo "2530"]
[WhiteFideId "4229274"]
[BlackFideId "817570"]
[EventDate "2013.03.09"]

1. d4 Nf6 2. c4 e6 3. Nc3 Bb4 4. e3 O-O 5. Bd3 d5 6. a3 Bxc3+ 7. bxc3 c5 8. cxd5
exd5 9. Ne2 b6 10. O-O Ba6 11. Bxa6 Nxa6 12. Qd3 Nc7 13. f3 Re8 14. Ng3 Qd7 15.
e4 cxd4 16. cxd4 dxe4 17. fxe4 Rad8 18. d5 Qg4 19. Rf4 Qg6 20. Qf3 Nd7 21. Bb2
Ne5 22. Bxe5 Rxe5 23. Qc3 Qd6 24. Nf5 Qc5+ 25. Qxc5 bxc5 26. Rg4 Ne8 27. Rc1 g6
28. Ng3 Rc8 29. Rf4 Kg7 30. Rf3 Nd6 31. Rcf1 Rc7 32. Rf6 Nxe4 33. Nxe4 Rxe4 34.
Ra6 Rd4 35. Rd6 0-1

[Event "Karpos Open 2013"]
[Site "Skopje MKD"]
[Date "2013.03.09"]
[Round "1.39"]
[White "Popilski, Gil"]
[Black "Milutinovic, Stefana"]
[Result "1-0"]
[WhiteTitle "GM"]
[WhiteElo "2520"]
[BlackElo "2000"]
[WhiteFideId "2809060"]
[BlackFideId "942456"]
[EventDate "2013.03.09"]

1. d4 Nf6 2. c4 c5 3. d5 g6 4. Nc3 d6 5. e4 Bg7 6. Nf3 O-O 7. Be2 e6 8. O-O Re8
9. Bg5 Qb6 10. Qc2 Na6 11. a3 exd5 12. cxd5 Bg4 13. Nd2 Bxe2 14. Nxe2 Qc7 15.
Nc3 Qd7 16. Qd3 Nc7 17. b4 b6 18. f3 Nh5 19. Rab1 Rab8 20. Nc4 b5 21. Na5 c4 22.
Qd2 a6 23. Nc6 Ra8 24. Rbd1 Kh8 25. Bh6 Bxh6 26. Qxh6 Nf6 27. Rfe1 Ng8 28. Qf4
f6 29. Ne2 Kg7 30. Qg3 Ne7 31. Nf4 Kf7 32. Nd4 Rg8 33. Nfe6 Rh8 34. Kh1 Rag8 35.
f4 h5 36. Nxc7 Qxc7 37. e5 Nf5 38. Nxf5 gxf5 39. Qh3 Rg4 40. exf6 Kg6 41. Re7
Qc8 42. Qc3 Rf8 43. h3 1-0

[Event "Karpos Open 2013"]
[Site "Skopje MKD"]
[Date "2013.03.09"]
[Round "1.41"]
[White "Pancevski, Filip"]
[Black "Velikic, Adela"]
[Result "1-0"]
[WhiteTitle "IM"]
[WhiteElo "2515"]
[BlackElo "1990"]
[WhiteFideId "15002187"]
[BlackFideId "913553"]
[EventDate "2013.03.09"]

1. e4 c6 2. Nc3 d5 3. Qe2 d4 4. Nd1 e5 5. g3 g6 6. d3 Bg7 7. f4 Nd7 8. Nf3 Ne7
9. Bg2 O-O 10. O-O c5 11. Nf2 Nc6 12. f5 Re8 13. h4 h5 14. Bh3 Nf8 15. g4 hxg4
16. Nxg4 gxf5 17. exf5 f6 18. Nd2 Ne7 19. Ne4 Nh7 20. Nh6+ Bxh6 21. Bxh6 Kh8 22.
Qh5 Ng8 23. Kh2 Nxh6 24. Qxh6 Qe7 25. Rg1 b6 26. Rg6 Qf8 27. Qh5 Bb7 28. Nxf6
Re7 29. Rh6 Qf7 30. Rxh7+ 1-0

[Event "Karpos Open 2013"]
[Site "Skopje MKD"]
[Date "2013.03.09"]
[Round "1.45"]
[White "Mastrovasilis, Athanasios"]
[Black "Gonzalez Espana, Maria Gabriela"]
[Result "1-0"]
[WhiteTitle "GM"]
[WhiteElo "2497"]
[BlackElo "1958"]
[WhiteFideId "4201990"]
[BlackFideId "22273417"]
[EventDate "2013.03.09"]

1. c4 e5 2. g3 Nf6 3. Bg2 Nc6 4. Nc3 Bc5 5. e3 O-O 6. Nge2 a6 7. O-O Ne7 8. d4
exd4 9. exd4 Ba7 10. Bg5 Rb8 11. Bxf6 gxf6 12. Nf4 Ng6 13. Nh5 f5 14. Qd2 f4 15.
Nd5 Qg5 16. Rae1 b5 17. Nhf6+ Kh8 18. h4 Nxh4 19. gxh4 Qxh4 20. Re4 1-0

[Event "Karpos Open 2013"]
[Site "Skopje MKD"]
[Date "2013.03.09"]
[Round "1.46"]
[White "Milanovic, Maja"]
[Black "Drenchev, Petar"]
[Result "0-1"]
[BlackTitle "GM"]
[WhiteElo "1952"]
[BlackElo "2491"]
[WhiteFideId "15000176"]
[BlackFideId "2903261"]
[EventDate "2013.03.09"]

1. e4 c5 2. Nf3 Nc6 3. d4 cxd4 4. Nxd4 Nf6 5. Nc3 d6 6. Be3 g6 7. f3 Bg7 8. Bc4
O-O 9. Qd2 Bd7 10. O-O-O Rc8 11. Bb3 Ne5 12. h4 h5 13. Kb1 Re8 14. Bh6 Bh8 15.
g4 Nc4 16. Bxc4 Rxc4 17. gxh5 Nxh5 18. Nf5 Qb6 19. Ka1 Rxc3 20. bxc3 Bxf5 21.
exf5 Qb4 0-1

[Event "Karpos Open 2013"]
[Site "Skopje MKD"]
[Date "2013.03.09"]
[Round "1.48"]
[White "Asani, Adem"]
[Black "Stella, Andrea"]
[Result "0-1"]
[BlackTitle "IM"]
[WhiteElo "1944"]
[BlackElo "2477"]
[WhiteFideId "906581"]
[BlackFideId "827061"]
[EventDate "2013.03.09"]

1. e4 e6 2. d4 d5 3. exd5 exd5 4. Nf3 Bd6 5. Bd3 Nc6 6. c3 Nge7 7. O-O Bg4 8. h3
Bh5 9. Re1 Qd7 10. b4 f6 11. a4 O-O 12. Nbd2 Bg6 13. Qc2 Rae8 14. Nf1 Bxd3 15.
Qxd3 Qf5 16. Qxf5 Nxf5 17. Bd2 Rxe1 18. Rxe1 h5 19. Ne3 Nfe7 20. g3 a5 21. b5
Nd8 0-1

[Event "Karpos Open 2013"]
[Site "Skopje MKD"]
[Date "2013.03.09"]
[Round "1.50"]
[White "Angjelovski, Daniel"]
[Black "Raznikov, Danny"]
[Result "0-1"]
[BlackTitle "IM"]
[WhiteElo "1934"]
[BlackElo "2474"]
[WhiteFideId "15003523"]
[BlackFideId "2811154"]
[EventDate "2013.03.09"]

1. e4 c5 2. Nf3 d6 3. d4 cxd4 4. Nxd4 Nf6 5. Nc3 a6 6. a4 Nc6 7. Be2 e5 8. Nb3
Be7 9. Be3 O-O 10. O-O Be6 11. Qd2 Rc8 12. Rad1 Nb4 13. Bf3 h6 14. Rfe1 Qc7 15.
Nc1 Rfd8 16. N1e2 d5 17. exd5 Nfxd5 18. Bxd5 Bxd5 19. Qc1 Qc6 20. f3 Qg6 21. Ng3
Bc6 22. Re2 Rxd1+ 23. Qxd1 h5 24. Rd2 f5 25. Nf1 h4 26. h3 Qe8 27. a5 Rd8 28.
Bb6 Rxd2 29. Qxd2 Qd7 30. Qxd7 Bxd7 31. Ne3 Be6 32. Bc7 Bc5 33. Bb6 Bd6 34. Na4
f4 35. c3 Nd3 36. Ng4 Bb3 37. Nxe5 Bxe5 38. Nc5 Nxc5 39. Bxc5 0-1

[Event "Karpos Open 2013"]
[Site "Skopje MKD"]
[Date "2013.03.09"]
[Round "1.52"]
[White "Minovski, Gjorgji"]
[Black "Baron, Tal"]
[Result "0-1"]
[BlackTitle "GM"]
[WhiteElo "1924"]
[BlackElo "2465"]
[WhiteFideId "15003205"]
[BlackFideId "2809958"]
[EventDate "2013.03.09"]

1. e4 c5 2. Bc4 e6 3. Nc3 Nf6 4. d3 d5 5. Bb5+ Nc6 6. e5 Nd7 7. Bxc6 bxc6 8. Nf3
Be7 9. O-O O-O 10. Ne2 Kh8 11. Ng3 a5 12. Re1 Ba6 13. a4 c4 14. dxc4 Bxc4 15. b3
Ba6 16. Qd4 f5 17. Qf4 c5 18. h4 c4 19. Ng5 Nc5 20. bxc4 Bxc4 21. Ba3 Qd7 22.
Rad1 Qe8 23. Bxc5 Bxc5 24. Rb1 Qd7 25. Rb2 Rfb8 26. Reb1 Rxb2 27. Rxb2 h6 28.
Nf3 Qxa4 29. Rb7 Qxc2 30. Rxg7 Qxf2+ 31. Kh1 Be3 32. Qxe3 Qxe3 33. Nh5 Be2 34.
Ng1 Bxh5 0-1

[Event "Karpos Open 2013"]
[Site "Skopje MKD"]
[Date "2013.03.09"]
[Round "1.53"]
[White "Arnaudov, G. Petar"]
[Black "Vukelic, Zvonimir"]
[Result "1-0"]
[WhiteTitle "IM"]
[WhiteElo "2468"]
[BlackElo "1920"]
[WhiteFideId "2907127"]
[BlackFideId "15001512"]
[EventDate "2013.03.09"]

1. Nf3 g6 2. d4 d5 3. c4 c6 4. Nc3 dxc4 5. e4 Bg7 6. Bxc4 Nf6 7. Be3 e6 8. O-O
O-O 9. Bg5 h6 10. Bh4 g5 11. Bg3 Nh5 12. e5 Nd7 13. Re1 Nb6 14. Bd3 Nd5 15. Bb1
Nhf4 16. Qc2 Re8 17. h4 gxh4 18. Nxh4 h5 19. Nxd5 Nxd5 20. Qh7+ Kf8 21. Qxh5 f5
22. exf6 Nxf6 23. Qg5 Qd5 24. Be5 Qd8 25. Re3 Re7 26. Bxf6 1-0

[Event "Karpos Open 2013"]
[Site "Skopje MKD"]
[Date "2013.03.09"]
[Round "1.54"]
[White "Ajrula, Adnan"]
[Black "Drazic, Sinisa"]
[Result "0-1"]
[BlackTitle "GM"]
[WhiteElo "1917"]
[BlackElo "2459"]
[WhiteFideId "15002713"]
[BlackFideId "901172"]
[EventDate "2013.03.09"]

1. d4 Nf6 2. Nf3 d6 3. Bg5 Nbd7 4. g3 h6 5. Bxf6 Nxf6 6. Bg2 Bf5 7. Nbd2 c6 8.
c3 e6 9. O-O Be7 10. Re1 O-O 11. e4 Bh7 12. Qb3 Qc7 13. h3 Rfe8 14. Rac1 Bf8 15.
c4 e5 16. d5 a5 17. a4 Nd7 18. Qc3 Nc5 19. b3 Be7 20. Qe3 Qb6 21. Rb1 Ra6 22.
Qc3 Bd8 23. Ra1 Qa7 24. Nh2 Bb6 25. Rf1 Nd7 26. Qd3 Bc5 27. Rab1 Bb4 28. Kh1 Nc5
29. Qe2 Bxd2 30. Qxd2 Bxe4 31. f3 Bxb1 32. Rxb1 Rb6 33. Qe3 cxd5 34. cxd5 Qa6
35. Ng4 Rb4 36. Nxh6+ gxh6 37. Qxh6 Qd3 38. Rf1 Qg6 0-1

[Event "Karpos Open 2013"]
[Site "Skopje MKD"]
[Date "2013.03.09"]
[Round "1.55"]
[White "Kohlweyer, Bernd"]
[Black "Zdravkovic, Dragan S"]
[Result "1-0"]
[WhiteTitle "IM"]
[WhiteElo "2458"]
[BlackElo "1913"]
[WhiteFideId "4600622"]
[BlackFideId "912867"]
[EventDate "2013.03.09"]

1. d4 Nf6 2. c4 c5 3. d5 e6 4. Nc3 exd5 5. cxd5 d6 6. e4 a6 7. a4 g6 8. Nge2 Bg7
9. Ng3 O-O 10. Be2 Nbd7 11. O-O Re8 12. f3 Rb8 13. Be3 Qc7 14. Qd2 c4 15. Rfc1
b5 16. axb5 axb5 17. b4 Ne5 18. h3 h5 19. Ra5 Qd7 20. Nh1 Nh7 21. f4 Nd3 22.
Bxd3 cxd3 23. Qxd3 Bxc3 24. Rxc3 f5 25. e5 Qe7 26. Rc6 dxe5 27. Ra7 Bb7 28.
Rxg6+ Kh8 29. fxe5 Qf7 30. Rd6 Nf8 31. Bd4 Kg8 32. Qg3+ Qg7 33. Qxg7+ Kxg7 34.
Ng3 f4 35. Nxh5+ Kf7 36. Nxf4 Re7 37. Rf6+ Kg8 38. Bc5 Rg7 39. Rxf8+ 1-0

[Event "Karpos Open 2013"]
[Site "Skopje MKD"]
[Date "2013.03.09"]
[Round "1.56"]
[White "Gjorgjevski, Janco"]
[Black "Perunovic, Miodrag"]
[Result "0-1"]
[BlackTitle "IM"]
[WhiteElo "1909"]
[BlackElo "2445"]
[WhiteFideId "15001644"]
[BlackFideId "919993"]
[EventDate "2013.03.09"]

1. c4 c5 2. Nf3 Nf6 3. d4 cxd4 4. Nxd4 b6 5. Nc3 Bb7 6. Nf3 e6 7. g3 Be7 8. Bg2
O-O 9. O-O d6 10. b3 a6 11. Bb2 Nbd7 12. Rc1 Qc7 13. Ng5 Bxg2 14. Kxg2 b5 15.
Nce4 Qb7 16. f3 bxc4 17. Nxd6 Bxd6 18. Qxd6 cxb3 19. axb3 Qxb3 20. Ba3 Qb5 21.
h4 h6 22. Nh3 Qxe2+ 23. Rf2 Qb5 24. Nf4 e5 25. Rb2 Qa4 26. Ne2 e4 27. Nc3 exf3+
28. Kf2 Qg4 29. Rb4 Qh3 30. Kxf3 Rfe8 31. Ne4 Qg4+ 0-1

[Event "Karpos Open 2013"]
[Site "Skopje MKD"]
[Date "2013.03.09"]
[Round "1.58"]
[White "Batkoski, Nenad"]
[Black "Hamitevici, Vladimir"]
[Result "0-1"]
[BlackTitle "IM"]
[WhiteElo "1901"]
[BlackElo "2444"]
[WhiteFideId "15002780"]
[BlackFideId "13902393"]
[EventDate "2013.03.09"]

1. e4 c6 2. d4 d5 3. exd5 cxd5 4. c3 Nc6 5. Nf3 Bg4 6. Qb3 Qd7 7. Ne5 Nxe5 8.
dxe5 a6 9. Bd3 e6 10. Be3 Ne7 11. Bc5 Nc6 12. Bxf8 Nxe5 13. Bxa6 Rxa6 14. Bxg7
Nd3+ 15. Kd2 Rg8 16. Kxd3 Rxg7 17. Kd2 Qc6 18. Kc1 d4 19. f3 Bf5 20. Rg1 Qc5 21.
Qb4 Qxb4 22. cxb4 Rc6+ 23. Kd1 Rc2 24. g4 Rxh2 25. Nd2 h5 26. Rc1 hxg4 27. Rc7
b5 28. fxg4 Rxg4 29. Rxg4 Bxg4+ 30. Kc1 Rh1+ 31. Kc2 Bf5+ 32. Ne4 Bxe4+ 33. Kd2
Rh2+ 34. Kc1 d3 0-1

[Event "Karpos Open 2013"]
[Site "Skopje MKD"]
[Date "2013.03.09"]
[Round "1.60"]
[White "Stefanov, Emil"]
[Black "Arsovic, Goran"]
[Result "1/2-1/2"]
[BlackTitle "IM"]
[WhiteElo "1893"]
[BlackElo "2438"]
[WhiteFideId "2914794"]
[BlackFideId "901792"]
[EventDate "2013.03.09"]

1. d4 Nf6 2. c4 g6 3. f3 Bg7 4. e4 d6 5. Nc3 O-O 6. Be3 c5 7. Nge2 Qa5 8. Qd2
Nc6 9. d5 Ne5 10. Nc1 a6 11. h3 b5 12. cxb5 Rb8 13. f4 Ned7 14. Nb3 Qb4 15. Bd3
c4 16. Nd4 cxd3 17. Nc6 Nxe4 18. Nxb4 Nxd2 19. Kxd2 Bxc3+ 20. bxc3 Rxb5 21. a4
Rb7 22. Bd4 Nc5 23. Bxc5 dxc5 24. Nxd3 c4 25. Nb4 Rd8 26. a5 e6 27. Ke3 exd5 28.
Kd4 Rb5 29. Rhe1 Kf8 30. Re3 Bf5 31. g4 Be4 32. Nxa6 Ra8 33. Nc5 f5 34. a6 Ra7
35. Ne6+ Ke7 36. Nc7 Rb2 37. Nxd5+ Kd6 38. Nb4 Rf2 39. Kxc4 Rxf4 40. Kb5 Kc7 41.
g5 Ra8 42. c4 Rc8 43. a7 Kb7 44. c5 Rf2 45. Rxe4 fxe4 46. a8=Q+ Rxa8 47. c6+ Kb8
48. c7+ Kxc7 49. Rxa8 Rf5+ 50. Kc4 Rxg5 51. Ra7+ Kd6 52. Rxh7 Ke5 53. Nd5 Rg3
54. Re7+ Kf5 55. h4 Rh3 56. Kd4 Rxh4 57. Ne3+ Kf6 1/2-1/2

[Event "Karpos Open 2013"]
[Site "Skopje MKD"]
[Date "2013.03.09"]
[Round "1.61"]
[White "Battaglini, Gabriel"]
[Black "Atanasov, Sande"]
[Result "1-0"]
[WhiteTitle "IM"]
[WhiteElo "2436"]
[BlackElo "1891"]
[WhiteFideId "621650"]
[BlackFideId "15001539"]
[EventDate "2013.03.09"]

1. d4 Nf6 2. c4 d5 3. cxd5 Qxd5 4. Nc3 Qa5 5. Nf3 Ne4 6. Bd2 Nxd2 7. Qxd2 Bg4 8.
Ne5 Bh5 9. g4 Bg6 10. Nc4 Qa6 11. e4 Qe6 12. O-O-O Qxg4 13. h4 h6 14. Bh3 Qh5
15. Bc8 a6 16. Nd5 Kd8 17. Bxb7 Ra7 18. Nf4 Qb5 19. Ne6+ Kd7 20. Bd5 Bxe4 21.
Nc5+ Kc8 22. Bxe4 Qxc4+ 23. Kb1 e5 24. dxe5 Qxc5 25. Qd8# 1-0

[Event "Karpos Open 2013"]
[Site "Skopje MKD"]
[Date "2013.03.09"]
[Round "1.62"]
[White "Cvetkovski, Slobodan"]
[Black "Valsecchi, Alessio"]
[Result "0-1"]
[BlackTitle "IM"]
[WhiteElo "1890"]
[BlackElo "2435"]
[WhiteFideId "15001202"]
[BlackFideId "818860"]
[EventDate "2013.03.09"]

1. e4 c5 2. Nf3 d6 3. d4 cxd4 4. Nxd4 Nf6 5. Nc3 g6 6. Bc4 Bg7 7. f3 Nc6 8. Be3
Qa5 9. Qd2 Qb4 10. Bb3 Nxe4 11. Nxc6 Qxc3 12. bxc3 Nxd2 13. Nd4 Nxb3 14. cxb3
Bd7 15. Rc1 O-O 16. Kf2 Rfc8 17. c4 a6 18. a4 b6 19. Rhe1 Rcb8 20. Rcd1 Bf8 21.
Bg5 f6 22. Bd2 e5 23. Ne2 b5 24. cxb5 axb5 25. axb5 Bxb5 26. Nc3 Bc6 27. b4 Rxb4
28. Nd5 Rb2 29. Nxf6+ Kf7 30. Ne4 Bxe4 31. fxe4 Bh6 32. Re2 Raa2 33. Ke1 Rxd2
34. Rexd2 Bxd2+ 35. Rxd2 Rxd2 36. Kxd2 Ke6 37. Ke3 Kd7 38. Kd3 Ke7 39. Ke3 Ke6
40. Kd3 d5 0-1

[Event "Karpos Open 2013"]
[Site "Skopje MKD"]
[Date "2013.03.09"]
[Round "1.66"]
[White "Yildiz, Mustafa"]
[Black "Stanojoski, Zvonko"]
[Result "0-1"]
[BlackTitle "GM"]
[WhiteElo "1858"]
[BlackElo "2413"]
[WhiteFideId "6302998"]
[BlackFideId "15000257"]
[EventDate "2013.03.09"]

1. e4 c5 2. Nf3 d6 3. d4 cxd4 4. Nxd4 Nf6 5. Nc3 Nc6 6. Be2 g6 7. Be3 Bg7 8. O-O
O-O 9. h3 Bd7 10. Qd2 Nxd4 11. Bxd4 Bc6 12. Bd3 e5 13. Be3 d5 14. exd5 Nxd5 15.
Bg5 Qb6 16. Rab1 Nxc3 17. bxc3 Qa5 18. Bc4 e4 19. Be7 Bxc3 20. Qf4 Be5 21. Qh6
Rfe8 22. Bb4 Qc7 23. Rfd1 Rad8 24. Bb3 a5 25. Bd2 b5 26. a3 Rd7 27. Bg5 a4 28.
Ba2 Ba8 29. Rxd7 Qxd7 30. h4 Bg7 0-1

[Event "Karpos Open 2013"]
[Site "Skopje MKD"]
[Date "2013.03.09"]
[Round "1.67"]
[White "Zlatanovic, Boroljub"]
[Black "Ozturk, Hilal"]
[Result "1-0"]
[WhiteTitle "FM"]
[WhiteElo "2412"]
[BlackElo "1848"]
[WhiteFideId "916390"]
[BlackFideId "6315330"]
[EventDate "2013.03.09"]

1. Nc3 Nf6 2. e4 e5 3. g3 Bc5 4. Bg2 Nc6 5. Nge2 a6 6. d3 d6 7. O-O Be6 8. Nd5
Nb8 9. d4 Ba7 10. h3 Nbd7 11. Kh2 c6 12. Ne3 exd4 13. Nxd4 Nc5 14. Ndf5 O-O 15.
Nxd6 Qc7 16. e5 Rad8 17. exf6 Rxd6 18. Qh5 Re8 19. Qg5 1-0

[Event "Karpos Open 2013"]
[Site "Skopje MKD"]
[Date "2013.03.09"]
[Round "1.68"]
[White "Tairi, Krenar"]
[Black "Tosic, Miroslav"]
[Result "0-1"]
[BlackTitle "GM"]
[WhiteElo "1835"]
[BlackElo "2408"]
[WhiteFideId "15001679"]
[BlackFideId "900460"]
[EventDate "2013.03.09"]

1. d4 Nf6 2. c4 g6 3. Nc3 Bg7 4. e4 d6 5. f3 O-O 6. Nge2 c5 7. d5 e6 8. Ng3 a6
9. a4 exd5 10. cxd5 Nbd7 11. Be2 h5 12. O-O h4 13. Nh1 Nh7 14. Nf2 f5 15. exf5
gxf5 16. Bf4 Ne5 17. Nd3 Ng6 18. Re1 c4 19. Bxd6 Qxd6 20. Nf2 Qc5 21. a5 Bd7 22.
Na4 Qxa5 23. Bxc4 Qb4 24. Bb3 Qd6 25. Qd2 Rae8 26. Nc3 Nf4 27. Nd3 Nxd3 28. Qxd3
Qb6+ 0-1

[Event "Karpos Open 2013"]
[Site "Skopje MKD"]
[Date "2013.03.09"]
[Round "1.69"]
[White "Sanal, Vahap"]
[Black "Nikolovska, Dragana"]
[Result "1-0"]
[WhiteTitle "IM"]
[WhiteElo "2404"]
[BlackElo "1821"]
[WhiteFideId "6300545"]
[BlackFideId "15000133"]
[EventDate "2013.03.09"]

1. e4 c5 2. Nf3 d6 3. d4 cxd4 4. Nxd4 Nf6 5. Nc3 g6 6. Be3 Bg7 7. f3 O-O 8. Qd2
Nc6 9. O-O-O Nxd4 10. Bxd4 Be6 11. h4 Qc7 12. g4 Rfc8 13. h5 Qa5 14. a3 a6 15.
hxg6 fxg6 16. Qe3 b5 17. Qg5 Qc7 18. Rd2 Rab8 19. e5 dxe5 20. Bxe5 Qc5 21. Bxf6
Bxf6 22. Rd8+ 1-0

[Event "Karpos Open 2013"]
[Site "Skopje MKD"]
[Date "2013.03.09"]
[Round "1.70"]
[White "Pencheva, Iva"]
[Black "Codenotti, Marco"]
[Result "0-1"]
[BlackTitle "FM"]
[WhiteElo "1803"]
[BlackElo "2402"]
[WhiteFideId "2906457"]
[BlackFideId "800015"]
[EventDate "2013.03.09"]

1. d4 Nf6 2. Nf3 g6 3. Bf4 Bg7 4. e3 d6 5. h3 O-O 6. Be2 b6 7. O-O Bb7 8. c4 c5
9. Nc3 Ne4 10. Nxe4 Bxe4 11. Ng5 Bb7 12. Bf3 Nc6 13. h4 h6 14. Nh3 Qc7 15. d5
Ne5 16. Be2 Bc8 17. Bg3 Bxh3 18. gxh3 Qc8 19. Kh2 h5 20. Qc2 Kh8 21. Bf4 Qb7 22.
Rg1 b5 23. Bxe5 Bxe5+ 24. f4 Bg7 25. Bxh5 bxc4 26. Rg2 Qxd5 27. Rg5 Qd3 28. Qg2
Rab8 29. Re1 Rxb2 30. Re2 c3 31. Rd5 Rxe2 0-1

[Event "Karpos Open 2013"]
[Site "Skopje MKD"]
[Date "2013.03.09"]
[Round "1.71"]
[White "Sandalakis, Angelos"]
[Black "Konstantinov, Aleksandar2"]
[Result "1-0"]
[WhiteElo "2401"]
[BlackElo "1796"]
[WhiteFideId "4207645"]
[BlackFideId "15000060"]
[EventDate "2013.03.09"]

1. d4 Nf6 2. c4 c5 3. Nf3 cxd4 4. Nxd4 d5 5. Bf4 a6 6. Nc3 Nc6 7. e3 e6 8. Be2
Be7 9. O-O O-O 10. Bf3 Nxd4 11. Qxd4 dxc4 12. Rfd1 Qxd4 13. Rxd4 Nd7 14. Bxb7
Ra7 15. Bxc8 Rxc8 16. Rad1 Nf8 17. Ne4 Rb7 18. Bd6 Bf6 19. Nxf6+ gxf6 20. Ba3
Rbb8 21. Rc1 c3 22. bxc3 Rb5 23. Ra4 a5 24. c4 Re5 25. Bb2 Rec5 26. Bxf6 Nd7 27.
Bd4 Rd5 28. Rb1 Rh5 29. f4 1-0

[Event "Karpos Open 2013"]
[Site "Skopje MKD"]
[Date "2013.03.09"]
[Round "1.72"]
[White "Cokreva, Gordana"]
[Black "Dancevski, Orce"]
[Result "0-1"]
[BlackTitle "IM"]
[WhiteElo "1794"]
[BlackElo "2395"]
[WhiteFideId "15000400"]
[BlackFideId "15000311"]
[EventDate "2013.03.09"]

1. e4 d5 2. exd5 Nf6 3. Nf3 Nxd5 4. Bc4 Bg4 5. O-O e6 6. d3 Be7 7. Re1 Nc6 8.
Bd2 Nd4 9. Nc3 c6 10. Nxd5 cxd5 11. Bb3 Bxf3 12. gxf3 O-O 13. Bc3 Nf5 14. Be5
Bd6 15. Bg3 Qb6 16. Kg2 h5 17. h4 Bxg3 18. fxg3 Ne3+ 19. Kh1 Nxd1 20. Raxd1 Qf2 0-1

[Event "Karpos Open 2013"]
[Site "Skopje MKD"]
[Date "2013.03.09"]
[Round "1.73"]
[White "Nenezic, Marko"]
[Black "Aksoy, Atilla"]
[Result "1-0"]
[WhiteTitle "IM"]
[WhiteElo "2394"]
[BlackElo "1791"]
[WhiteFideId "912123"]
[BlackFideId "6332404"]
[EventDate "2013.03.09"]

1. Nf3 Nf6 2. c4 g6 3. Nc3 Bg7 4. e4 d6 5. d4 O-O 6. Be2 c5 7. O-O cxd4 8. Nxd4
Nc6 9. Be3 a6 10. f3 Qc7 11. Rc1 Bd7 12. Nd5 Qd8 13. Nb3 Nxd5 14. exd5 Na5 15.
Nd4 b6 16. b4 Nb7 17. Nc6 Qe8 18. Bxb6 Bxc6 19. dxc6 Qxc6 20. Bf2 Rac8 21. f4
Qc7 22. Bf3 Rfd8 23. g3 a5 24. Bxb7 Qxb7 25. bxa5 Rc6 26. Bb6 Rdc8 27. Qd5 e6
28. Qb5 d5 29. Be3 Qa8 30. cxd5 Rxc1 31. Rxc1 Rxc1+ 32. Bxc1 Bd4+ 33. Kg2 exd5
34. Bd2 Ba7 35. a6 Qd8 36. Qb7 1-0

[Event "Karpos Open 2013"]
[Site "Skopje MKD"]
[Date "2013.03.09"]
[Round "1.74"]
[White "Gjeorgjievski, Done"]
[Black "Goryachkina, Aleksandra"]
[Result "0-1"]
[BlackTitle "WGM"]
[WhiteElo "1779"]
[BlackElo "2386"]
[WhiteFideId "15002748"]
[BlackFideId "4147103"]
[EventDate "2013.03.09"]

1. e4 c5 2. Nf3 d6 3. d4 cxd4 4. Nxd4 Nf6 5. Nc3 a6 6. Be2 e5 7. Nb3 Be6 8. Be3
Nbd7 9. O-O Be7 10. f4 b5 11. f5 Bc4 12. Bxc4 bxc4 13. Nd2 Qc7 14. Qe2 Rc8 15.
Kh1 Qc6 16. Rfd1 O-O 17. a4 a5 18. Bf2 Rfd8 19. Nf3 Rb8 20. Nd5 Nxd5 21. Rxd5
Nf6 22. Rxa5 Nxe4 23. Ra7 Bf6 24. c3 Nxf2+ 25. Qxf2 d5 26. Ra5 d4 27. cxd4 exd4
28. Rd1 d3 29. Qc5 Qe4 30. Rb5 Qe2 31. Qg1 Rxb5 32. axb5 Qxb2 33. Rb1 Qa2 34. b6
d2 35. b7 Qxb1 36. Qxb1 d1=Q+ 0-1